000 00342nam a2200145Ia 4500
008 191201s1974 xx 000 0 und d
082 _a677.0287
_bPAT
100 _aPATEL, Amubhai
245 0 _aTowards Zero Defects
250 _a1st
260 _aN.Delhi
_bMeena Publisher
_c1974
300 _a274
650 _aB.Tech(TE)
942 _2ddc
_cBK
999 _c2282
_d2282